Rukopis knihy o narození a osudu mužů a žen = Machṭūṭ al-kitāb fī ṭawāliʿ ar-riǧāl wa-n-nisāʾ /

Hlavní autor: Abū Maʿšar, 787-886
Další autoři: Bahbouh, Charif, 1941-2020, Provazníková, Adéla
Jazyk: Čeština
Vydáno: Brandýs nad Labem : Dar Ibn Rushd, s.r.o., [2021]
Témata:
Fyzický popis: 283 stran : ilustrace ; 18 cm
Knihy
Uloženo v:
LEADER 02354nam a2200589 i 4500
001 nkc20213326144
003 CZ PrNK
005 20211203103425.0
007 ta
008 210601t20212021xr a e f 000 0 cze
015 |a cnb003326144 
020 |a 978-80-88099-27-7  |q (brožováno)  |z 987-80-88099-27-7 
035 |a (OCoLC)1267679843 
040 |a OLA001  |b cze  |d ABA001  |e rda 
041 1 |a cze  |h ara 
072 7 |a 133  |x Ezoterismus. Okultismus  |2 Konspekt  |9 17 
080 |a 133.52(=411.21)  |2 MRF 
080 |a 133.522.2  |2 MRF 
080 |a 124.6  |2 MRF 
080 |a 316.346.2  |2 MRF 
080 |a 133.52  |2 MRF 
080 |a (035)  |2 MRF 
100 0 |a Abū Maʿšar,  |d 787-886  |7 jn20010601552  |4 aut 
240 1 0 |a Machṭūṭ al-kitāb fī ṭawāliʿ ar-riǧāl wa-n-nisāʾ.  |l Česky 
245 1 0 |a Rukopis knihy o narození a osudu mužů a žen =  |b Machṭūṭ al-kitāb fī ṭawāliʿ ar-riǧāl wa-n-nisāʾ /  |c Abú Maʿšar Žaʿfar bin Muḥammad al-Balachí ; úvod a doslov o arabské astrologii a astronimii Charif Bahbouh ; z arabštiny přeložila Adéla Provazníková 
246 3 1 |a Machṭūṭ al-kitāb fī ṭawāliʿ ar-riǧāl wa-n-nisāʾ 
246 1 8 |a Arabská astrologie a astronomie 
264 1 |a Brandýs nad Labem :  |b Dar Ibn Rushd, s.r.o.,  |c [2021] 
264 4 |c ©2021 
300 |a 283 stran :  |b ilustrace ;  |c 18 cm 
336 |a text  |b txt  |2 rdacontent 
337 |a bez média  |b n  |2 rdamedia 
338 |a svazek  |b nc  |2 rdacarrier 
500 |a Arabsko-český slovník názvů hvězd 
504 |a Obsahuje bibliografické odkazy 
650 0 7 |a arabská astrologie  |7 ph316333  |2 czenas 
650 0 7 |a zvěrokruh  |7 ph116791  |2 czenas 
650 0 7 |a osud  |7 ph123857  |2 czenas 
650 0 7 |a muži a ženy  |7 ph123061  |x astrologické aspekty  |2 czenas 
650 0 9 |a Arabic astrology  |2 eczenas 
650 0 9 |a zodiac  |2 eczenas 
650 0 9 |a fate  |2 eczenas 
650 0 9 |a men and women  |x astrological aspects  |2 eczenas 
655 7 |a příručky  |7 fd133209  |2 czenas 
655 9 |a handbooks and manuals  |2 eczenas 
700 1 |a Bahbouh, Charif,  |d 1941-2020  |7 jn19990218002  |4 wfw  |4 waw 
700 1 |a Provazníková, Adéla  |7 ola20211120244  |4 trl 
910 2 |a BOA001  |b 1-1470.035 
990 |a BK 
995 |a 01 
991 |b 202107  |c NOV 
996 6 |b 2610870980  |c 1-1470.035  |l MZK  |r Sklad / do 1 hodiny  |n 2  |p p.v.  |w 001856472  |u 000010  |a 1  |e BOA001  |j MZK50  |s P